[Event "IND-ch U15 47th"]
[Site "New Delhi"]
[Date "2022.11.28"]
[Round "1"]
[White "Garv, Gaur"]
[Black "Allampati, Kovidh Kushal Reddy"]
[Result "1-0"]
[WhiteElo "1973"]
[BlackElo "1310"]
[PlyCount "53"]
[EventDate "2022.11.28"]
[EventType "swiss"]
[EventRounds "11"]
[EventCountry "IND"]
[SourceTitle "CBM 211 Extra"]
[Source "ChessBase"]
[SourceDate "2023.01.31"]
[SourceVersion "1"]
[SourceVersionDate "2023.01.31"]
[SourceQuality "1"]

1. d4 d5 2. Nf3 Nf6 3. c4 c6 4. g3 e6 5. Bg2 Nbd7 6. 0-0 Bd6 7. Nbd2 0-0 8. Qc2 h6 9. Rd1 Re8 10. e4 dxe4 11. Nxe4 Nxe4 12. Qxe4 Nf6 13. Qe2 Qe7 14. Ne5 c5 15. dxc5 Bxe5 16. Qxe5 Nd7 17. Qd6 Nxc5 18. Qxe7 Rxe7 19. Rd8+ Kh7 20. Be3 Rc7 21. Rad1 a5 22. b3 e5 23. Re8 Nd7 24. Re7 Kg6 25. Rd6+ f6 26. Be4+ Kh5 27. Rxg7 1-0

[Event "Eastern Asia-ch U14"]
[Site "Tornelo INT"]
[Date "2021.10.29"]
[Round "1"]
[White "Allampati, Kovidh Kushal Reddy"]
[Black "Moldagali, Beksultan"]
[Result "1-0"]
[WhiteElo "1129"]
[BlackElo "1522"]
[PlyCount "97"]
[EventDate "2021.10.29"]
[EventType "swiss"]
[EventRounds "9"]
[EventCountry "NET"]
[SourceTitle "EXT 2023"]
[Source "ChessBase"]
[SourceDate "2022.10.05"]
[SourceVersion "1"]
[SourceVersionDate "2022.10.05"]
[SourceQuality "1"]

1. e4 c6 2. d4 d5 3. exd5 cxd5 4. c4 Nf6 5. Nf3 e6 6. c5 Nc6 7. Bf4 Be7 8. Nc3 a6 9. a3 0-0 10. b4 Ne4 11. Qc2 Nxc3 12. Qxc3 Bf6 13. Bd3 Nxd4 14. Nxd4 e5 15. Be3 exd4 16. Bxd4 Re8+ 17. Kd2 Bxd4 18. Qxd4 Qg5+ 19. Kc3 Bf5 20. Bxf5 Qxf5 21. Rhe1 Re6 22. Rad1 Rae8 23. Rxe6 fxe6 24. Rd3 Qg5 25. Rg3 Qc1+ 26. Kb3 Qb1+ 27. Kc3 Qa1+ 28. Kd3 Qxa3+ 29. Ke2 Qa2+ 30. Kd3 e5 31. Qg4 e4+ 32. Ke3 Qb2 33. Qd7 Qe5 34. Rxg7+ Qxg7 35. Qxe8+ Qf8 36. Qxf8+ Kxf8 37. Kd4 Ke7 38. Kxd5 Kd7 39. Kxe4 Kc6 40. f4 a5 41. bxa5 Kxc5 42. Ke5 Kb5 43. f5 Kxa5 44. f6 b5 45. f7 b4 46. f8Q Ka4 47. Kd4 Kb3 48. Qf3+ Ka2 49. Kc4 1-0